| Tag |
First Indicator |
Second Indicator |
Subfields |
| LEADER |
00000pam a2200000 a 4500 |
| 001 |
in00000404708 |
| 005 |
20151012051021.0 |
| 008 |
850809s1986 azua b 00110 eng |
| 010 |
|
|
|a 85019183
|
| 020 |
|
|
|a 0914886339 :
|c $30.00
|
| 020 |
|
|
|a 0914886347 (pbk.) :
|c $20.00
|
| 035 |
|
|
|a (OCoLC)12418538
|
| 035 |
|
|
|9 ABT2979AM
|
| 039 |
0 |
|
|a 2
|b 3
|c 3
|d 3
|e 3
|
| 040 |
|
|
|a DLC
|c DLC
|d TXA
|d UtOrBLW
|
| 049 |
|
|
|a TXAM
|c [A09259085]
|
| 050 |
0 |
0 |
|a TH4977
|b .A87 1986
|
| 082 |
0 |
|
|a 624
|2 19
|
| 100 |
1 |
|
|a Aurand, C. Douglas,
|d 1956-
|
| 245 |
1 |
0 |
|a Fountains and pools :
|b construction guidelines and specifications /
|c C. Douglas Aurand.
|
| 264 |
|
1 |
|a Mesa, Ariz. :
|b PDA Publishers Corp.,
|c [1986]
|
| 264 |
|
4 |
|c ©1986
|
| 300 |
|
|
|a viii, 168 pages :
|b illustrations ;
|c 29 cm.
|
| 336 |
|
|
|a text
|b txt
|2 rdacontent
|
| 337 |
|
|
|a unmediated
|b n
|2 rdamedia
|
| 338 |
|
|
|a volume
|b nc
|2 rdacarrier
|
| 500 |
|
|
|a Includes index.
|
| 504 |
|
|
|a Bibliography: pages 148-149.
|
| 650 |
|
0 |
|a Fountains
|x Design and construction.
|
| 999 |
|
|
|a MARS
|
| 999 |
f |
f |
|s 4f116324-5298-3054-9131-ebd1cd72eee0
|i a2846a3f-06ba-33da-ba95-f03c608931d7
|t 0
|
| 952 |
f |
f |
|p normal
|a Texas A&M University
|b College Station
|c Sterling C. Evans Library
|d Evans: Library Stacks
|t 0
|e TH4977 .A87 1986
|h Library of Congress classification
|i unmediated -- volume
|m A14809259085
|
| 998 |
f |
f |
|a TH4977 .A87 1986
|t 0
|l Evans: Library Stacks
|